Experiments on attention and memory, with special reference to the psychology of advertising,

Saved in:
Bibliographic Details
Main Author: Levy, Jack Morris, 1883-
Format: Book
Language:English
Published: Berkeley, University of California press [1916]
Series:University of California publications in psychology, v. 2, no. 2. April 12, 1916
Subjects:
Tags: Add Tag
No Tags, Be the first to tag this record!
LEADER 00800nam a2200229I 4500
001 005773597-2
005 20020606163548.3
008 751229s1916 caude 000 0 eng
010 |a a 16000571  
035 0 |a ocm01905182 
040 |a DLC  |c FQG  |d HLS 
050 0 |a BF21  |b .C2 vol. 2, no. 2  |a BF371.L4 
100 1 |a Levy, Jack Morris,  |d 1883- 
245 0 0 |a Experiments on attention and memory,  |b with special reference to the psychology of advertising,  |c by J. M. Levy. 
260 |a Berkeley,  |b University of California press  |c [1916] 
300 |a cover-title, p. [157]-197  |b incl. tables, diagrs.  |c 25 cm. 
490 0 |a University of California publications in psychology,  |v v. 2, no. 2. April 12, 1916 
650 0 |a Memory. 
650 0 |a Attention. 
650 0 |a Advertising. 
988 |a 20020608 
906 |0 DLC